00901nam a22002177a 450000500170000000800410001702000150005802000150007305000210008811101410010924500870025025000110033726000710034830000350041949000650045450400240051965000460054365000450058970000270063470000220066120150124125911.0140116t riu||||| |||| 00| 0 eng d a0821814931 a082181496604aQA671 bP76 19932 aProceedings of a Summer Research Institute on Differential Geometry, held at the University of California, Los angeles, July 8-28, 1990.10aDifferential geometry : Riemannian Geometry / cRobert Greene, S. T. Yau, editors. a1a ed. aProvidence, Rhode Island : bAmerican Mathematical Society, c1993 axxii, 710 p. :bil. ; c26 cm. a(Proceedings of Symposia in Pure Mathematics ;)vV.54 part 3 aIncluye referencias 72LembaGeometría diferencial--Congresos  72LembaGeometría de Riemann--Congresos 1 aGreene, Robert., eed.1 aYau, S. T., eed.